00366 a2200157 450000500170000001000130001702000260003003500130005603700090006908200060007810000170008424500430010126000290014427000130017330000220018620240524114809.0 aB-759169 a9789354716898c499.00 aB-759169 bGift aN aShah, Varsha aAjay and the Jaipur Moon/cVarsha Shah aU.KbChicken Housec2023 aU.KbU.K a314 p.c20 cm(Pb)